| 000 | 01210nam a2200277Ia 4500 | ||
|---|---|---|---|
| 999 |
_c5496 _d5496 |
||
| 003 | OSt | ||
| 005 | 20200605170648.0 | ||
| 008 | 191128s1971 -Enad gr 000 0dspa d | ||
| 040 |
_aCO-JMCR _cCO-JMCR |
||
| 041 | 0 | _aspa | |
| 082 | 0 | 4 |
_a330.1 / _bS253o _223 |
| 100 | 1 |
_aSengupta, Jati K., _eautor _95091 |
|
| 245 | 1 | 0 |
_aEconomic analysis and operations research : _boptimization techniques in quantitative economic models / _cJati K. Sengupta y Karla A. Fox |
| 250 | _a2nd printing | ||
| 260 |
_aAmsterdam : _bNorth-Holland Publishing, _c1971 |
||
| 300 |
_axv, 478 páginas : _bgráficos a blanco y negro ; _c22 cm. |
||
| 300 | _c 22 cm | ||
| 490 | 0 |
_aStudies in mathematical and managerial economics ; _v10 |
|
| 504 | _aIncluye bibliografía al final de cada capítulo. | ||
| 505 | _aEconomic policy and operations research -- Methods of linear programming: extension and applications -- Nonlinear and dynamic programming -- Sensivity analysis in programming -- Probabilistic programming methods -- Models of firm behavior | ||
| 650 | 1 | 4 |
_aEconomía _95092 |
| 650 | 2 | 4 |
_aTeoría económica _95093 |
| 650 | 2 | 4 |
_a Modelos económicos _95094 |
| 700 | 1 |
_aFox, Karl A., _eautor _95095 |
|
| 942 |
_2ddc _cBK |
||